| 000 | 01341nam a2200337 i 4500 | ||
|---|---|---|---|
| 003 | DO-SdBNP | ||
| 005 | 20250916113125.0 | ||
| 007 | ta | ||
| 008 | 150213s1988 dr ac r 000 0 spa d | ||
| 040 |
_aDO-SdBNP _bspa _cBNPHU _erda |
||
| 041 | _aspa | ||
| 082 | 4 |
_a972.93053 _bB171m 1988 _222 |
|
| 100 | 1 |
_a Balaguer, Joaquín, _d1906-2002 _eautor _4aut. _976556 |
|
| 245 | 1 | 0 |
_aMemorias de un cortesano de la era de Trujillo / _cJoaquín Balaguer. |
| 250 | _aSegunda edición | ||
| 264 | 4 |
_aSanto Domingo, República Dominicana : _bEditora Corripio, _c1988. |
|
| 300 |
_a477 páginas : _bilustraciones, retratos ; _c25 cm. |
||
| 336 |
_atexto _btxt _2rdacontent |
||
| 337 |
_asin mediación _bn _2rdamedia |
||
| 338 |
_avolumen _bnc _2rdacarrier |
||
| 500 | _aIncluye referencias bibliográficas y notas al pie de las páginas. | ||
| 590 | _aInventariado, 2025/BT | ||
| 600 | 1 | 4 |
_a Balaguer, Joaquín, _d1906-2002 _976556 |
| 600 | 4 |
_aTrujillo Molina, Rafael Leónidas, _d 1891-1961 _976764 |
|
| 650 | 4 |
_aRepública dominicana _xPolítica y gobierno _y1961- _910441 |
|
| 650 | 4 |
_aPresidentes _zRepública Dominicana _xBiografías _91790 |
|
| 651 | 4 |
_aRepública Dominicana _xHistoria _y1930-1961 _91301 |
|
| 651 | 4 |
_aRepública Dominicana _xPolítica y gobierno _y1930-1961- _9479 |
|
| 910 | _aValidado. Control de calidad MFF | ||
| 942 |
_2ddc _cLBS1 |
||
| 999 |
_c59862 _d59862 |
||